<?xml version="1.0" encoding="UTF-8"?>
<record
    xmlns:xsi="http://www.w3.org/2001/XMLSchema-instance"
    xsi:schemaLocation="http://www.loc.gov/MARC21/slim http://www.loc.gov/standards/marcxml/schema/MARC21slim.xsd"
    xmlns="http://www.loc.gov/MARC21/slim">

  <leader>01348nam a2200301 i 4500</leader>
  <controlfield tag="001">187511</controlfield>
  <controlfield tag="003">ES-MaACL</controlfield>
  <controlfield tag="005">20230906222940.0</controlfield>
  <controlfield tag="008">171020s1928    fr           |||| | fre d</controlfield>
  <datafield tag="245" ind1="0" ind2="0">
    <subfield code="a">Les grands salons litt&#xE9;raires, XVIIe et XVIIIe si&#xE8;cles : Conf&#xE9;rences du Mus&#xE9;e Carnavalet (1927) / </subfield>
    <subfield code="c">introd. de Louis Gillet.</subfield>
  </datafield>
  <datafield tag="260" ind1=" " ind2=" ">
    <subfield code="a">Paris : </subfield>
    <subfield code="b">Payot, </subfield>
    <subfield code="c">1928.</subfield>
  </datafield>
  <datafield tag="300" ind1=" " ind2=" ">
    <subfield code="a">176 p., 16 h. de l&#xE1;m. ; </subfield>
    <subfield code="c">20 cm.</subfield>
  </datafield>
  <datafield tag="490" ind1="1" ind2=" ">
    <subfield code="a">Conf&#xE9;rences du Mus&#xE9;e Carnavalet</subfield>
  </datafield>
  <datafield tag="505" ind1="8" ind2=" ">
    <subfield code="a">Contiene: Le Salon de la Marquise de Rambouillet / par Louis Batiffol ; Madame de la Sabli&#xE8;re / par Andr&#xE9; Hallays ; Madame de Tencin / par Paul Reboux ; Madame Geoffrin / par Nozi&#xE8;re ; Madame du Deffand / par Andr&#xE9; Bellessort</subfield>
  </datafield>
  <datafield tag="651" ind1=" " ind2="4">
    <subfield code="a">Paris-</subfield>
    <subfield code="x">Usos y costumbres-</subfield>
    <subfield code="y">S.XVIII.</subfield>
    <subfield code="9">147652</subfield>
  </datafield>
  <datafield tag="651" ind1=" " ind2="4">
    <subfield code="a">Paris-</subfield>
    <subfield code="x">Usos y costumbres-</subfield>
    <subfield code="y">S.XVII.</subfield>
    <subfield code="9">163735</subfield>
  </datafield>
  <datafield tag="651" ind1=" " ind2="4">
    <subfield code="a">Paris-</subfield>
    <subfield code="x">Vida intelectual-</subfield>
    <subfield code="y">S.XVII-</subfield>
    <subfield code="v">.</subfield>
    <subfield code="9">163736</subfield>
  </datafield>
  <datafield tag="651" ind1=" " ind2="4">
    <subfield code="a">Paris-</subfield>
    <subfield code="x">Vida intelectual-</subfield>
    <subfield code="y">S.XVIII.</subfield>
    <subfield code="9">163737</subfield>
  </datafield>
  <datafield tag="700" ind1="0" ind2=" ">
    <subfield code="a">Batiffol, Louis.</subfield>
    <subfield code="9">26424</subfield>
  </datafield>
  <datafield tag="700" ind1="1" ind2=" ">
    <subfield code="a">Hallays, Andr&#xE9; (</subfield>
    <subfield code="d">1859-1930)</subfield>
    <subfield code="9">61583</subfield>
  </datafield>
  <datafield tag="700" ind1="0" ind2=" ">
    <subfield code="a">Reboux, Paul.</subfield>
    <subfield code="9">95728</subfield>
  </datafield>
  <datafield tag="700" ind1="1" ind2=" ">
    <subfield code="a">Nozi&#xE8;re, Fernand (</subfield>
    <subfield code="d">1874-1931)</subfield>
    <subfield code="9">163733</subfield>
  </datafield>
  <datafield tag="700" ind1="0" ind2=" ">
    <subfield code="a">Gillet, Louis.</subfield>
    <subfield code="9">56970</subfield>
  </datafield>
  <datafield tag="710" ind1="2" ind2=" ">
    <subfield code="a">Mus&#xE9;e Carnavalet (Paris)</subfield>
    <subfield code="9">163734</subfield>
  </datafield>
  <datafield tag="830" ind1="0" ind2=" ">
    <subfield code="a">Conf&#xE9;rences du Mus&#xE9;e Carnavalet</subfield>
    <subfield code="9">192790</subfield>
  </datafield>
  <datafield tag="852" ind1=" " ind2=" ">
    <subfield code="a">ES-MaACL</subfield>
    <subfield code="j">A-2813</subfield>
  </datafield>
  <datafield tag="999" ind1=" " ind2=" ">
    <subfield code="c">187511</subfield>
    <subfield code="d">187511</subfield>
  </datafield>
  <datafield tag="952" ind1=" " ind2=" ">
    <subfield code="0">0</subfield>
    <subfield code="1">0</subfield>
    <subfield code="4">0</subfield>
    <subfield code="7">0</subfield>
    <subfield code="a">ATENEOM</subfield>
    <subfield code="b">ATENEOM</subfield>
    <subfield code="c">SPP1</subfield>
    <subfield code="d">2017-10-20</subfield>
    <subfield code="e">SC</subfield>
    <subfield code="l">0</subfield>
    <subfield code="o">A-2813</subfield>
    <subfield code="p">1198034</subfield>
    <subfield code="r">2023-02-23 00:00:00</subfield>
    <subfield code="w">2023-02-23</subfield>
    <subfield code="y">MONOGRAFIA</subfield>
  </datafield>
</record>
